header

Advanced nanomedicine and nanobiotechnology (Record no. 58444)

MARC details
000 -LEADER
fixed length control field 01789nam a2200361 a 4500
082 04 - DEWEY DECIMAL CLASSIFICATION NUMBER
Classification number 610.28/4
100 0# - MAIN ENTRY--AUTHOR NAME
Personal name Viroj Wiwanitkit.
245 10 - TITLE STATEMENT
Title Advanced nanomedicine and nanobiotechnology
260 ## - PUBLICATION, DISTRIBUTION, ETC. (IMPRINT)
Place of publication New York :
Name of publisher Nova Science Publishers, Inc.,
Year of publication c2008.
300 ## - PHYSICAL DESCRIPTION
Number of Pages 232 p. :
Other physical details ill.
500 ## - GENERAL NOTE
General note "Nova biomedical"--cover.
505 0# - FORMATTED CONTENTS NOTE
Formatted contents note Basic principles of nanoscience -- Nanostructure materials and nanomodification techniques -- Nanopolymer and nanopolymerization -- Microfluidics, nanofluidics and nanobiosensor -- Nanobiodevice and nanoprobe -- Nanotherapy -- Nanodiagnosis -- Nanopharmacology -- Nanohematology -- Nanoinformatics -- Nanocomputing -- Nanoquantity measurement in medicine -- Nanoimaging and nano-visualization -- Social aspect of nanotechnology -- Quantum medicine -- Picomedicine: next step.
650 #0 - SUBJECT ADDED ENTRY--TOPICAL TERM
Topical Term Nanomedicine.
Topical Term Nanotechnology.
Topical Term Biotechnology.
856 40 - ELECTRONIC LOCATION AND ACCESS
Uniform Resource Identifier http://site.ebrary.com/lib/rucke/Doc?id=10676679

No items available.

© 2026 Rongo University
Contact us: librarian | system librarian | Rongo university